Länder mit der höchsten Hochwassergefährdung - Statistiken

Allgemein
  • Dieses Quiz wurde 170 mal gespielt
  • Das Durchschnittsergebnis liegt bei 4 aus 9
Antwortstatistiken
Punkte Kontinent Land % Korrekt
3.9 Asien Indien
87%
4.9 Asien Bangladesch
68%
4.0 Asien Philippinen
58%
3.9 Asien Pakistan
53%
3.9 Asien Kambodscha
46%
3.9 Asien Laos
46%
4.5 Asien Nepal
26%
4.7 Asien Bhutan
25%
3.9 Nordamerika Haiti
25%
Keine übereinstimmenden Quizze gefunden
Verteilung der Resultate
Anzahl Personen mit jedem Resultat
Perzentil nach korrekt beantworteten Fragen
Ihre Resultats-Entwicklung
Sie haben dieses Quiz noch nicht gespielt